<?xml version='1.0' encoding='UTF-8'?>
  <record xmlns="http://www.loc.gov/MARC21/slim">
    <leader>00000cem a22000007i 4500</leader>
    <controlfield tag="001">ocn902705613</controlfield>
    <controlfield tag="003">OCoLC</controlfield>
    <controlfield tag="005">20250712013230.5</controlfield>
    <controlfield tag="007">ay aauun</controlfield>
    <controlfield tag="008">150202s1550    sz        a     0   lat d</controlfield>
    <datafield tag="040" ind1=" " ind2=" ">
      <subfield code="a">NLGGC</subfield>
      <subfield code="b">dut</subfield>
      <subfield code="e">fobidrtb</subfield>
      <subfield code="c">NLGGC</subfield>
      <subfield code="d">QGJ</subfield>
      <subfield code="d">OCLCQ</subfield>
    </datafield>
    <datafield tag="035" ind1=" " ind2=" ">
      <subfield code="a">(OCoLC)902705613</subfield>
    </datafield>
    <datafield tag="245" ind1="0" ind2="0">
      <subfield code="a">Cosmographiae universalis, ex probatis quibusque autoribus, tam historicis quam chorographis per Sebastianum Munsterum in unum collectae. Liber I. De primordiali terrae &amp; maris creatione &amp; dispositione. Caput I.</subfield>
    </datafield>
    <datafield tag="260" ind1=" " ind2=" ">
      <subfield code="a">[Basileae] :</subfield>
      <subfield code="b">[apud Henrichum Petri],</subfield>
      <subfield code="c">[1550]</subfield>
    </datafield>
    <datafield tag="300" ind1=" " ind2=" ">
      <subfield code="a">1 titelgrav. :</subfield>
      <subfield code="b">kopergrav. ;</subfield>
      <subfield code="c">11 x 16 cm, op bl. 29 x 19 cm</subfield>
    </datafield>
    <datafield tag="336" ind1=" " ind2=" ">
      <subfield code="a">cartografische afbeelding</subfield>
      <subfield code="b">cri</subfield>
      <subfield code="2">rdacontent/dut</subfield>
    </datafield>
    <datafield tag="337" ind1=" " ind2=" ">
      <subfield code="a">zonder medium</subfield>
      <subfield code="b">n</subfield>
      <subfield code="2">rdamedia/dut</subfield>
    </datafield>
    <datafield tag="338" ind1=" " ind2=" ">
      <subfield code="a">vel</subfield>
      <subfield code="b">nb</subfield>
      <subfield code="2">rdacarrier/dut</subfield>
    </datafield>
    <datafield tag="500" ind1=" " ind2=" ">
      <subfield code="a">Titelgravure van Caput 1, Liber 1, van: Cosmographiae universalis lib. VI. ... / autore Sebast. Munstero. - Basileae : apud Henrichum Petri, 1550.</subfield>
    </datafield>
    <datafield tag="500" ind1=" " ind2=" ">
      <subfield code="a">Recto en verso: tekst in het Latijn.</subfield>
    </datafield>
    <datafield tag="700" ind1="1" ind2=" ">
      <subfield code="a">Münster, Sebastian,</subfield>
      <subfield code="d">1489-1552.</subfield>
    </datafield>
    <datafield tag="936" ind1=" " ind2=" ">
      <subfield code="a">BATCHLOAD</subfield>
    </datafield>
  </record>